00819nam a22002657a 450000100060000000300060000600500170001200800410002902000180007004000290008805000080011708200110012510000290013624500790016525000250024426000500026930000510031949000430037050500070041352000260042052100280044652100190047465000260049370000340051910149FISKH20260428084421.0260428b cb ||||| |||| 00| 0 eng d a9780462004556 aFISKHbengcFISKHdFISKH aPZ7 a823.92 aWhitehorn, CalebeAuthor aThe Olympians /cWritten by Caleb Whitehorn ; Illustrated by Dougal Borman aFirst published 2008 aLondon :bMarshall Cavendish Limited , c2008 a16 pages : bcolor illustrations ;c16 X 19 cm aMy Pals Are Here ! Reading Stars :v2a aG  aI can run. Can you? 8 a350 bLexile estimate 8 aG bRaz-Plus  aSportvQuestion mark  aBorman, Dougal eIllustrator